| 000 | 00455nam a2200169Ia 4500 | ||
|---|---|---|---|
| 008 | 230524s9999 xx 000 0 und d | ||
| 020 | _a8174090991 | ||
| 082 |
_a658.5 _bJAI |
||
| 100 | _aR.K.Jain | ||
| 245 | 0 | _a"Production Technology 17th ed. (Manufacturing Processes, Technology and Automation)" | |
| 250 | _a7 | ||
| 260 |
_aNew Delhi _bKhanna Pub _c2013 |
||
| 300 | _a1090p; | ||
| 500 | _aQuantity Number: 2 | ||
| 650 | _aMechanics | ||
| 942 | _cBK | ||
| 999 |
_c53621 _d53621 |
||